00825nam a2200157 i 4500001000700000003000900007005001700016008004100033110002900074245034500103260004100448300002100489610004400510650003800554852007500592185334ES-MaACL20241110171436.0160523s1901 xxk |||| | eng d2 aBernard Quaritch (Firma)12aA catalogue of choice and valuble books topography, genealogy, heraldry english literature and illustrated books sport, americana, early printed books, etc. including the library aof the late colonel Newsome and important purchase from the Ashburton, Peel, an Sykes collections : boffered at the net prices affixed / cby Bernard Quaritch. aLondon : bBernard Quaritch, c1901. a72 p. ; c25 cm.24aBernard Quaritch (Firma)-vCatálogos. 4aLibros-vCatálogos comerciales. aES-MaACLjT-969-F-15z.- Enc. en un vol. facticio con la cub. original